[Event "TICF"]
[Site "FAMALICAO"]
[Date "2023.08.31"]
[Round "9.1"]
[White "KHAMRAKULOV, Ibragim"]
[Black "MARTINEZ DUANY, Lelys"]
[Result "1/2-1/2"]
[BlackElo "2490"]
[WhiteElo "2413"]
[LiveChessVersion "1.4.8"]

1. e4 {[%clk 1:28:12]} c5 {[%clk 1:30:35]} 2. c3 {[%clk 1:28:10]} g6
{[%clk 1:30:45]} 3. d4 {[%clk 1:28:25]} cxd4 {[%clk 1:31:11]} 4. cxd4
{[%clk 1:28:48]} d5 {[%clk 1:31:38]} 5. exd5 {[%clk 1:29:04]} Nf6
{[%clk 1:31:49]} 6. Bc4 {[%clk 1:27:48]} Bg7 {[%clk 1:32:02]} 7. Nc3
{[%clk 1:28:08]} O-O {[%clk 1:32:25]} 8. Nge2 {[%clk 1:28:21]} Na6
{[%clk 1:32:33]} 9. O-O {[%clk 1:27:52]} Nc7 {[%clk 1:32:26]} 10. Nf4
{[%clk 1:28:11]} b6 {[%clk 1:32:25]} 11. Re1 {[%clk 1:09:02]} Bb7
{[%clk 1:32:24]} 12. Qb3 {[%clk 1:09:19]} Qd6 {[%clk 1:32:10]} 13. a4
{[%clk 1:02:28]} Rad8 {[%clk 1:27:39]} 14. Nb5 {[%clk 0:48:13]} Nxb5
{[%clk 1:27:59]} 15. axb5 {[%clk 0:48:37]} Nxd5 {[%clk 1:25:08]} 16. Rxa7
{[%clk 0:46:33]} Nxf4 {[%clk 1:25:25]} 17. Rxb7 {[%clk 0:46:16]} e6
{[%clk 1:25:10]} 18. Re4 {[%clk 0:40:39]} Nd5 {[%clk 1:24:41]} 19. Bg5
{[%clk 0:31:52]} Rd7 {[%clk 1:24:02]} 20. Rxd7 {[%clk 0:29:33]} Qxd7
{[%clk 1:24:26]} 21. h3 {[%clk 0:29:43]} h6 {[%clk 1:24:00]} 22. Bd2
{[%clk 0:28:28]} Ra8 {[%clk 1:22:34]} 23. Re1 {[%clk 0:26:41]} Qd6
{[%clk 1:22:05]} 24. Bxd5 {[%clk 0:26:24]} exd5 {[%clk 1:20:42]} 25. Qd3
{[%clk 0:23:37]} Ra4 {[%clk 1:18:32]} 26. Bc3 {[%clk 0:23:48]} Qd7
{[%clk 1:17:56]} 27. Qg3 {[%clk 0:22:59]} Ra8 {[%clk 1:16:47]} 28. Qf4
{[%clk 0:22:57]} Bf8 {[%clk 1:16:05]} 29. h4 {[%clk 0:21:30]} h5 {[%clk 1:15:28]}
30. f3 {[%clk 0:20:45]} Re8 {[%clk 1:14:52]} 31. Ra1 {[%clk 0:15:05]} Qxb5
{[%clk 1:15:07]} 32. Ra7 {[%clk 0:14:59]} Re7 {[%clk 1:15:29]} 33. Ra8 Re8
{[%clk 1:15:53]} 34. Ra7 {[%clk 0:14:28]} Re7 {[%clk 1:16:17]} 35. Ra8
{[%clk 0:14:06]} Re8 {[%clk 1:16:42]} 36. Ra7 1/2-1/2

[Event "TICF"]
[Site "FAMALICAO"]
[Date "2023.08.31"]
[Round "9.2"]
[White "PETKOV, Vladimir"]
[Black "RIBEIRO, Fernando"]
[Result "1-0"]
[BlackElo "2119"]
[WhiteElo "2464"]
[LiveChessVersion "1.4.8"]

1. d4 {[%clk 1:30:09]} Nf6 {[%clk 1:29:10]} 2. Nf3 {[%clk 1:29:42]} d6
{[%clk 1:28:21]} 3. g3 {[%clk 1:29:04]} g6 {[%clk 1:27:42]} 4. Bg2
{[%clk 1:29:17]} Bg7 {[%clk 1:28:00]} 5. O-O {[%clk 1:29:26]} O-O
{[%clk 1:27:12]} 6. a4 {[%clk 1:29:09]} a5 {[%clk 1:24:14]} 7. Re1 d5
{[%clk 1:13:39]} 8. c3 {[%clk 1:25:58]} c6 {[%clk 1:12:28]} 9. Nbd2
{[%clk 1:25:59]} Nbd7 {[%clk 0:58:39]} 10. Qc2 {[%clk 1:06:09]} e5
{[%clk 0:42:23]} 11. e4 {[%clk 0:45:02]} Nxe4 {[%clk 0:40:29]} 12. Nxe4
{[%clk 0:44:59]} dxe4 {[%clk 0:40:51]} 13. Qxe4 {[%clk 0:45:00]} exd4
{[%clk 0:41:06]} 14. Nxd4 {[%clk 0:44:58]} Nc5 {[%clk 0:38:55]} 15. Qc2
{[%clk 0:44:08]} Ne6 {[%clk 0:37:12]} 16. Nf3 {[%clk 0:38:42]} Nc5
{[%clk 0:33:45]} 17. Nd4 {[%clk 0:36:38]} Ne6 {[%clk 0:34:00]} 18. Nb3
{[%clk 0:36:42]} Nc7 {[%clk 0:29:01]} 19. Nc5 {[%clk 0:33:02]} Ne6
{[%clk 0:24:48]} 20. Ne4 {[%clk 0:32:29]} Qc7 {[%clk 0:24:56]} 21. Qb3
{[%clk 0:32:14]} Rb8 {[%clk 0:21:25]} 22. Be3 {[%clk 0:27:52]} b6
{[%clk 0:16:58]} 23. Rad1 {[%clk 0:26:59]} Rd8 {[%clk 0:16:12]} 24. Rxd8+
{[%clk 0:22:53]} Qxd8 {[%clk 0:15:40]} 25. Rd1 {[%clk 0:23:14]} Qc7
{[%clk 0:16:06]} 26. Nd6 {[%clk 0:20:50]} Nc5 {[%clk 0:12:28]} 27. Qa3
{[%clk 0:12:08]} Bg4 {[%clk 0:12:00]} 28. Rd2 {[%clk 0:11:51]} Rd8
{[%clk 0:08:14]} 29. h3 {[%clk 0:10:45]} Be6 {[%clk 0:06:12]} 30. Bf4
{[%clk 0:10:01]} Qe7 {[%clk 0:05:15]} 31. Ne4 {[%clk 0:04:40]} Rxd2
{[%clk 0:05:32]} 32. Bxd2 {[%clk 0:05:04]} Bf8 {[%clk 0:03:45]} 33. Nxc5
{[%clk 0:02:15]} Qxc5 {[%clk 0:04:11]} 34. Qxc5 {[%clk 0:02:39]} Bxc5
{[%clk 0:04:36]} 35. b4 {[%clk 0:02:59]} axb4 {[%clk 0:05:00]} 36. cxb4
{[%clk 0:03:26]} Bd4 {[%clk 0:05:02]} 37. a5 {[%clk 0:02:49]} bxa5 38. bxa5
{[%clk 0:03:18]} Bc4 {[%clk 0:03:03]} 39. Bxc6 {[%clk 0:03:41]} Ba6
{[%clk 0:03:09]} 40. Kg2 {[%clk 0:04:03]} Kf8 {[%clk 0:03:31]} 41. Bb4+
{[%clk 0:04:28]} Kg7 {[%clk 0:03:55]} 42. f4 {[%clk 0:04:43]} f5 {[%clk 0:04:07]}
43. Bd5 {[%clk 0:04:36]} Kf6 {[%clk 0:04:22]} 44. g4 {[%clk 0:04:13]} fxg4
{[%clk 0:03:58]} 45. hxg4 {[%clk 0:04:38]} h5 {[%clk 0:04:13]} 46. g5+
{[%clk 0:04:39]} Kg7 {[%clk 0:03:36]} 47. Kf3 {[%clk 0:04:24]} Kh7
{[%clk 0:03:31]} 48. Ke4 {[%clk 0:04:03]} Ba7 {[%clk 0:03:48]} 49. Bc3
{[%clk 0:03:22]} Bf2 {[%clk 0:03:37]} 50. f5 {[%clk 0:02:57]} gxf5+
{[%clk 0:03:48]} 51. Kxf5 {[%clk 0:03:20]} h4 {[%clk 0:02:59]} 52. g6+
{[%clk 0:03:21]} Kh6 {[%clk 0:03:17]} 53. g7 {[%clk 0:03:37]} 1-0

[Event "TICF"]
[Site "FAMALICAO"]
[Date "2023.08.31"]
[Round "9.3"]
[White "PEIN, Jonathan"]
[Black "PINHO, Paulo"]
[Result "1-0"]
[BlackElo "2162"]
[WhiteElo "2276"]
[LiveChessVersion "1.4.8"]

1. e4 {[%clk 1:30:58]} c5 {[%clk 1:30:42]} 2. Nf3 {[%clk 1:31:20]} e6
{[%clk 1:31:07]} 3. Nc3 {[%clk 1:31:05]} a6 {[%clk 1:31:14]} 4. g3
{[%clk 1:30:52]} b5 {[%clk 1:31:31]} 5. d4 {[%clk 1:30:41]} cxd4 {[%clk 1:31:55]}
6. Nxd4 {[%clk 1:31:05]} Bb7 {[%clk 1:32:16]} 7. Bg2 {[%clk 1:31:12]} Nf6
{[%clk 1:32:36]} 8. O-O {[%clk 1:31:21]} b4 {[%clk 1:29:17]} 9. Na4
{[%clk 1:28:21]} Bxe4 {[%clk 1:28:47]} 10. Bxe4 {[%clk 1:27:41]} Nxe4
{[%clk 1:28:58]} 11. c4 {[%clk 1:27:34]} Nc5 {[%clk 1:18:56]} 12. a3
{[%clk 1:27:14]} Nxa4 {[%clk 1:14:02]} 13. Qxa4 {[%clk 1:27:43]} Qb6
{[%clk 0:44:26]} 14. Nb5 {[%clk 1:22:41]} Nc6 {[%clk 0:39:22]} 15. Be3
{[%clk 1:18:21]} Qb7 {[%clk 0:39:01]} 16. axb4 {[%clk 1:17:40]} Bxb4
{[%clk 0:36:03]} 17. Qxb4 {[%clk 1:13:19]} axb5 {[%clk 0:35:50]} 18. Qxb5
{[%clk 1:11:39]} Qc8 {[%clk 0:35:51]} 19. Qc5 {[%clk 1:04:51]} Rb8
{[%clk 0:32:09]} 20. Rfd1 {[%clk 0:45:40]} f6 {[%clk 0:30:37]} 21. Bd4
{[%clk 0:37:41]} Kf7 {[%clk 0:24:17]} 22. Bc3 {[%clk 0:36:20]} Qb7
{[%clk 0:23:59]} 23. Qh5+ {[%clk 0:33:29]} g6 {[%clk 0:15:45]} 24. Qh4
{[%clk 0:33:38]} e5 {[%clk 0:16:07]} 25. Rd6 {[%clk 0:32:16]} Rbf8
{[%clk 0:13:03]} 26. Rxf6+ {[%clk 0:30:30]} Kg7 {[%clk 0:13:28]} 27. Rxc6
{[%clk 0:26:22]} Qxc6 {[%clk 0:13:10]} 28. Qe7+ 1-0

[Event "TICF"]
[Site "FAMALICAO"]
[Date "2023.08.31"]
[Round "9.4"]
[White "SRINATH, Rao"]
[Black "GONCALVES, Lucas"]
[Result "1/2-1/2"]
[BlackElo "1870"]
[WhiteElo "2287"]
[LiveChessVersion "1.4.8"]

1. e4 {[%clk 1:30:46]} e5 {[%clk 1:30:52]} 2. Nf3 {[%clk 1:31:03]} Nc6
{[%clk 1:31:15]} 3. Nc3 {[%clk 1:31:28]} Nf6 {[%clk 1:30:51]} 4. a3
{[%clk 1:31:53]} a6 {[%clk 1:24:53]} 5. d4 {[%clk 1:31:23]} d6 {[%clk 1:23:58]}
6. dxe5 {[%clk 1:20:28]} dxe5 {[%clk 1:14:41]} 7. Qxd8+ {[%clk 1:18:23]} Kxd8
{[%clk 1:09:28]} 8. Bc4 {[%clk 1:14:53]} Be6 {[%clk 1:03:37]} 9. Bxe6
{[%clk 1:13:31]} fxe6 {[%clk 1:02:16]} 10. Be3 {[%clk 1:10:04]} Bd6
{[%clk 1:02:19]} 11. O-O-O {[%clk 1:08:42]} Ke7 {[%clk 1:02:22]} 12. h3
{[%clk 1:07:19]} b5 {[%clk 0:54:58]} 13. Nd2 {[%clk 0:49:29]} h6 {[%clk 0:40:00]}
14. f3 {[%clk 0:47:02]} Nd7 {[%clk 0:39:28]} 15. Nb3 {[%clk 0:45:17]} Rab8
{[%clk 0:31:09]} 16. h4 {[%clk 0:43:31]} a5 {[%clk 0:27:51]} 17. Rh3
{[%clk 0:36:40]} a4 {[%clk 0:25:25]} 18. Nd2 {[%clk 0:36:54]} Bc5
{[%clk 0:25:33]} 19. Nf1 {[%clk 0:36:04]} Bxe3+ {[%clk 0:24:20]} 20. Nxe3
{[%clk 0:36:30]} Nf6 {[%clk 0:16:41]} 21. g4 {[%clk 0:25:12]} Nd4
{[%clk 0:15:54]} 22. f4 {[%clk 0:23:15]} exf4 {[%clk 0:13:49]} 23. e5
{[%clk 0:23:39]} c5 {[%clk 0:10:08]} 24. exf6+ {[%clk 0:23:05]} gxf6
{[%clk 0:10:30]} 25. Ng2 {[%clk 0:18:12]} e5 {[%clk 0:10:00]} 26. Nd5+
{[%clk 0:13:53]} Kf7 {[%clk 0:07:54]} 27. c3 {[%clk 0:12:04]} Ne6
{[%clk 0:07:41]} 28. Rf1 {[%clk 0:06:10]} Rhg8 {[%clk 0:07:19]} 29. Ngxf4
{[%clk 0:05:32]} exf4 {[%clk 0:07:33]} 30. Nxf4 {[%clk 0:05:57]} Rxg4
{[%clk 0:03:47]} 31. Nd5 {[%clk 0:05:23]} Rd8 {[%clk 0:04:11]} 32. Nxf6
{[%clk 0:04:59]} Rf4 {[%clk 0:04:11]} 33. Rhf3 {[%clk 0:05:00]} Kxf6
{[%clk 0:04:39]} 34. Rxf4+ {[%clk 0:05:50]} Nxf4 {[%clk 0:04:54]} 35. Rxf4+
{[%clk 0:03:13]} Ke5 {[%clk 0:03:54]} 36. Rf7 Kd5 1/2-1/2

[Event "TICF"]
[Site "FAMALICAO"]
[Date "2023.08.31"]
[Round "9.5"]
[White "MORENO, Alejandro"]
[Black "RIBEIRO, Gustavo"]
[Result "1/2-1/2"]
[BlackElo "1876"]
[WhiteElo "2343"]
[LiveChessVersion "1.4.8"]

1. Nf3 {[%clk 1:30:55]} c5 {[%clk 1:30:52]} 2. c4 {[%clk 1:27:08]} Nf6
{[%clk 1:30:53]} 3. b3 {[%clk 1:27:18]} g6 {[%clk 1:31:14]} 4. Bb2
{[%clk 1:27:43]} Bg7 {[%clk 1:31:40]} 5. e3 {[%clk 1:28:05]} Nc6 {[%clk 1:31:54]}
6. Be2 {[%clk 1:28:28]} O-O {[%clk 1:30:02]} 7. O-O {[%clk 1:28:23]} b6
{[%clk 1:29:10]} 8. d3 {[%clk 1:27:55]} Bb7 {[%clk 1:29:28]} 9. Nbd2
{[%clk 1:28:19]} e6 {[%clk 1:26:34]} 10. a3 {[%clk 1:25:05]} Qc7 {[%clk 1:26:03]}
11. Rc1 {[%clk 1:25:03]} d6 {[%clk 1:25:50]} 12. Rc2 {[%clk 1:25:12]} Rfe8
{[%clk 1:25:50]} 13. Qa1 {[%clk 1:24:54]} e5 {[%clk 1:26:13]} 14. Rfc1
{[%clk 1:25:18]} Re7 {[%clk 1:25:59]} 1/2-1/2

[Event "TICF"]
[Site "FAMALICAO"]
[Date "2023.08.31"]
[Round "9.6"]
[White "ALMEIDA, Joao Pedro"]
[Black "PEIN, Malcolm"]
[Result "0-1"]
[BlackElo "2303"]
[WhiteElo "1827"]
[LiveChessVersion "1.4.8"]

1. e4 e5 2. Nf3 d6 3. d4 exd4 4. Nxd4 Nf6 5. Nc3 g6 6. Be2 Bg7 7. O-O O-O 8. f4
Re8 9. Bf3 Nbd7 10. Re1 c6 11. Be3 Qc7 12. a4 a5 13. Qd2 Nb6 14. Qe2 d5 15. e5
Nc4 16. exf6 Rxe3 17. Qf2 Rxe1+ 18. Rxe1 Bxf6 19. Re8+ Kg7 20. Nf5+ Bxf5 21. Rxa8
Qxf4 22. Ne2 Qd2 23. b3 Ne3 24. h3 Qd1+ 25. Kh2 Nf1+ 26. Kg1 Nd2+ 27. Kh2 Be5+
28. Ng3 Qc1 29. Re8 Nf1+ 30. Qxf1 Qxf1 31. Rxe5 Qc1 32. Re8 0-1

[Event "TICF"]
[Site "FAMALICAO"]
[Date "2023.08.31"]
[Round "9.7"]
[White "RODRIGUEZ LOPEZ, Rafael"]
[Black "AFONSO, Joao Pedro"]
[Result "1-0"]
[BlackElo "1880"]
[WhiteElo "2182"]
[LiveChessVersion "1.4.8"]

1. d4 Nf6 2. c4 e6 3. Nf3 b6 4. g3 Bb7 5. Bg2 Bb4+ 6. Bd2 Be7 7. O-O O-O 8. Nc3
d5 9. cxd5 Nxd5 10. Re1 Nd7 11. Nxd5 exd5 12. Rc1 Bd6 13. Nh4 g6 14. Qb3 Nf6 15.
Bg5 Be7 16. Nf3 Ne4 17. Bxe7 Qxe7 18. Qc2 c5 19. dxc5 bxc5 20. Nd2 Rac8 21. Nxe4
dxe4 22. e3 Rfd8 23. Red1 Rd3 24. Bf1 c4 25. Qa4 Rcd8 26. Re1 Bd5 27. Qa5 Rd7 28.
Re2 Kg7 29. Rec2 Qe6 30. h4 h5 31. Kh2 Qb6 32. Qxb6 axb6 33. Bxd3 cxd3 34. Rd2
Bxa2 35. f3 Bd5 36. fxe4 Bxe4 37. Rc4 f5 38. Kg1 Ra7 39. Rc1 Kf6 40. Kf2 Ra2 41.
Ke1 Ke5 42. b3 Ra3 43. Rb2 Ra7 44. Kd2 Kd6 45. Rc4 Ra1 46. Rc1 Ra7 47. Rcb1 Kd5
48. Rc1 Kd6 49. Rf1 Kd5 50. Kc3 Kc5 51. Rd1 b5 52. b4+ Kb6 53. Kd4 Rc7 54. Ke5
Rc3 55. Kf6 Rc6+ 56. Kg5 Rd6 57. Rdd2 Kc6 58. Rb3 Kd7 59. Rc3 Rc6 60. Rdxd3+ Bxd3
61. Rxd3+ Ke7 62. Rd5 Rc3 63. Kxg6 Rxe3 64. Rxf5 Rxg3+ 65. Kxh5 Rb3 66. Rxb5 Kf6
67. Kg4 Rb1 68. Rf5+ Kg6 69. Rf4 Rg1+ 70. Kf3 Rf1+ 71. Ke4 Rd1 72. Ke5 Kh5 73.
Rd4 Rb1 74. Kd5 1-0

[Event "TICF"]
[Site "FAMALICAO"]
[Date "2023.08.31"]
[Round "9.8"]
[White "COSMAN, Andreea-Marioara"]
[Black "SANTOS, Julio"]
[Result "1-0"]
[BlackElo "1773"]
[WhiteElo "2143"]
[LiveChessVersion "1.4.8"]

1. d4 {[%clk 1:29:12]} d5 {[%clk 1:30:51]} 2. c4 {[%clk 1:29:37]} e6
{[%clk 1:31:10]} 3. Nc3 {[%clk 1:30:02]} Nf6 {[%clk 1:30:56]} 4. cxd5
{[%clk 1:30:26]} exd5 {[%clk 1:31:13]} 5. Bg5 {[%clk 1:30:49]} Nbd7
{[%clk 1:31:01]} 6. e3 {[%clk 1:31:11]} c6 {[%clk 1:30:53]} 7. Bd3
{[%clk 1:31:34]} Bd6 {[%clk 1:29:15]} 8. Nf3 {[%clk 1:30:13]} O-O
{[%clk 1:27:33]} 9. O-O {[%clk 1:29:51]} h6 {[%clk 1:27:31]} 10. Bh4
{[%clk 1:25:58]} Re8 {[%clk 1:18:10]} 11. Qc2 {[%clk 1:25:16]} Nf8
{[%clk 1:11:17]} 12. Bg3 {[%clk 1:14:21]} Bxg3 {[%clk 1:09:08]} 13. hxg3
{[%clk 1:14:23]} Qe7 {[%clk 1:04:42]} 14. Rab1 {[%clk 1:09:53]} Ne4
{[%clk 0:58:36]} 15. b4 {[%clk 1:04:10]} a6 {[%clk 0:58:03]} 16. a4
{[%clk 0:59:58]} f6 {[%clk 0:50:14]} 17. Nxe4 {[%clk 0:40:38]} dxe4
{[%clk 0:48:02]} 18. Bc4+ {[%clk 0:41:05]} Be6 {[%clk 0:45:35]} 19. Nd2
{[%clk 0:38:15]} Qf7 {[%clk 0:37:40]} 20. Nxe4 {[%clk 0:34:31]} Red8
{[%clk 0:24:43]} 21. Rfc1 {[%clk 0:31:23]} Bd5 {[%clk 0:21:21]} 22. Bxd5
{[%clk 0:30:48]} cxd5 {[%clk 0:20:59]} 23. Nc5 {[%clk 0:30:58]} Rac8
{[%clk 0:20:46]} 24. Qf5 {[%clk 0:25:59]} g6 {[%clk 0:17:31]} 25. Qd3
{[%clk 0:25:34]} Rc7 {[%clk 0:17:12]} 26. b5 {[%clk 0:23:00]} axb5
{[%clk 0:15:59]} 27. Rxb5 {[%clk 0:20:21]} Re8 {[%clk 0:07:38]} 28. Rcb1
{[%clk 0:19:38]} Ree7 {[%clk 0:07:21]} 29. Qb3 {[%clk 0:19:08]} Nd7
{[%clk 0:06:03]} 30. Nxb7 {[%clk 0:18:27]} 1-0

[Event "TICF"]
[Site "FAMALICAO"]
[Date "2023.08.31"]
[Round "9.9"]
[White "PADEIRO, Jose"]
[Black "MOLDOVAN, Lucas"]
[Result "1-0"]
[BlackElo "1728"]
[WhiteElo "2125"]
[LiveChessVersion "1.4.8"]

1. c4 e5 2. g3 Nc6 3. Bg2 d6 4. Nc3 g6 5. e3 Bg7 6. Nge2 h5 7. h3 Nh6 8. Rb1 a5
9. a3 Bd7 10. b4 axb4 11. axb4 Rb8 12. Nd5 Ne7 13. Nxe7 Qxe7 14. b5 O-O 15. Nc3
f5 16. O-O h4 17. Nd5 Qd8 18. d3 g5 19. Qe1 g4 20. f4 Kh7 21. gxh4 gxh3 22. Bxh3
Rg8 23. Kh1 Bf6 24. Nxf6+ Qxf6 25. Rb2 Ng4 26. Rg2 Rg6 27. fxe5 dxe5 28. Bxg4 Rh6
29. Rh2 c6 30. e4 Rg6 31. Bxf5 Bxf5 32. Rxf5 Qd6 33. Qe3 Rbg8 34. Rg5 Qd4 35.
Qxd4 exd4 36. Rhg2 Rxg5 37. Bxg5 Rf8 38. Kh2 Rf3 39. Rg3 Rf2+ 40. Kh3 cxb5 41.
cxb5 Rb2 42. Bf6 Rxb5 43. Bxd4 Rh5 44. Rg5 1-0

[Event "TICF"]
[Site "FAMALICAO"]
[Date "2023.08.31"]
[Round "9.10"]
[White "PEREIRA, Carlos"]
[Black "COSTA, Paulo"]
[Result "1/2-1/2"]
[BlackElo "2037"]
[WhiteElo "1567"]
[LiveChessVersion "1.4.8"]

1. d4 {[%clk 1:30:50]} Nf6 {[%clk 1:30:42]} 2. Bf4 {[%clk 1:30:30]} e6
{[%clk 1:30:13]} 3. e3 {[%clk 1:29:54]} c5 {[%clk 1:30:11]} 4. c3
{[%clk 1:27:23]} Nc6 {[%clk 1:29:06]} 5. Nf3 {[%clk 1:26:05]} d5 {[%clk 1:29:16]}
6. Nbd2 {[%clk 1:25:00]} Bd6 {[%clk 1:29:25]} 7. Bxd6 {[%clk 1:24:17]} Qxd6
{[%clk 1:29:47]} 8. Be2 {[%clk 1:23:25]} O-O {[%clk 1:29:21]} 9. O-O
{[%clk 1:23:37]} e5 {[%clk 1:28:44]} 10. dxe5 {[%clk 1:23:13]} Nxe5
{[%clk 1:29:09]} 11. Nxe5 {[%clk 1:19:59]} Qxe5 {[%clk 1:25:17]} 12. h3
{[%clk 1:16:51]} b6 {[%clk 1:21:45]} 13. a4 {[%clk 1:15:01]} a5 {[%clk 1:18:48]}
14. Nf3 {[%clk 1:09:15]} Qc7 {[%clk 1:15:14]} 15. Qc2 {[%clk 1:08:07]} Bb7
{[%clk 1:13:46]} 16. Rfd1 {[%clk 1:06:06]} Rad8 {[%clk 1:13:28]} 17. Rac1
{[%clk 1:03:35]} Rfe8 {[%clk 1:10:45]} 18. Bb5 {[%clk 1:00:34]} Re6
{[%clk 1:08:01]} 19. b3 {[%clk 0:59:37]} Red6 {[%clk 1:06:07]} 20. Qe2
{[%clk 0:59:22]} Ne4 {[%clk 0:55:36]} 21. Bd3 {[%clk 0:55:42]} Qe7
{[%clk 0:50:02]} 22. Qc2 {[%clk 0:53:36]} f5 {[%clk 0:47:17]} 23. Bxe4
{[%clk 0:43:57]} dxe4 {[%clk 0:45:08]} 24. Nh2 {[%clk 0:41:01]} Qd7
{[%clk 0:39:42]} 25. Rxd6 {[%clk 0:41:13]} Qxd6 {[%clk 0:40:04]} 26. Nf1
{[%clk 0:41:31]} Qd3 {[%clk 0:37:24]} 27. c4 {[%clk 0:40:22]} Qxc2
{[%clk 0:32:02]} 28. Rxc2 g5 29. Rd2 {[%clk 0:39:15]} Rxd2 {[%clk 0:31:40]} 30.
Nxd2 {[%clk 0:39:36]} Kf7 {[%clk 0:32:09]} 31. g3 {[%clk 0:33:40]} Kf6
{[%clk 0:31:35]} 32. Kg2 {[%clk 0:32:51]} Ke5 {[%clk 0:30:07]} 33. Nb1
{[%clk 0:28:53]} Bc8 {[%clk 0:27:11]} 34. Nc3 {[%clk 0:28:46]} Be6
{[%clk 0:27:30]} 35. Ne2 {[%clk 0:27:11]} Bf7 {[%clk 0:25:58]} 36. Nc3
{[%clk 0:25:05]} f4 {[%clk 0:21:46]} 37. g4 {[%clk 0:22:59]} h5 {[%clk 0:21:42]}
38. Kh2 {[%clk 0:22:58]} hxg4 {[%clk 0:17:38]} 39. hxg4 {[%clk 0:23:13]} f3
{[%clk 0:17:35]} 40. Kg3 {[%clk 0:23:17]} Be6 {[%clk 0:17:56]} 41. Kh3
{[%clk 0:23:11]} Bf7 {[%clk 0:18:06]} 42. Kg3 {[%clk 0:23:07]} Be6
{[%clk 0:18:30]} 1/2-1/2

[Event "TICF"]
[Site "FAMALICAO"]
[Date "2023.08.31"]
[Round "9.11"]
[White "GONCALVES, Samuel"]
[Black "CATURRA, Rafael"]
[Result "1-0"]
[BlackElo "1527"]
[WhiteElo "2033"]
[LiveChessVersion "1.4.8"]

1. Nf3 {[%clk 1:30:55]} d5 {[%clk 1:30:51]} 2. g3 {[%clk 1:30:59]} g6
{[%clk 1:30:39]} 3. Bg2 {[%clk 1:31:10]} Bg7 {[%clk 1:31:01]} 4. d4
{[%clk 1:31:14]} Nh6 {[%clk 1:30:16]} 5. O-O {[%clk 1:19:37]} Nf5
{[%clk 1:30:14]} 6. c3 {[%clk 1:18:35]} Nd6 {[%clk 1:29:23]} 7. Ne5
{[%clk 1:14:05]} c6 {[%clk 1:26:05]} 8. Nd2 {[%clk 1:13:48]} Nd7 {[%clk 1:21:58]}
9. Nxd7 {[%clk 1:11:22]} Bxd7 {[%clk 1:20:29]} 10. e4 {[%clk 1:11:46]} dxe4
{[%clk 1:18:43]} 11. Nxe4 {[%clk 1:12:08]} Nxe4 {[%clk 1:18:47]} 12. Bxe4
{[%clk 1:12:36]} Bh3 {[%clk 1:17:49]} 13. Re1 {[%clk 1:12:55]} O-O
{[%clk 1:17:32]} 14. d5 {[%clk 1:06:50]} Qb6 {[%clk 0:53:23]} 15. Qb3
{[%clk 1:01:42]} c5 {[%clk 0:43:20]} 16. Bf4 {[%clk 0:48:53]} Rac8
{[%clk 0:31:44]} 17. Bf3 {[%clk 0:45:34]} Rfe8 {[%clk 0:30:00]} 18. Re2
{[%clk 0:40:28]} c4 {[%clk 0:25:30]} 19. Qxb6 {[%clk 0:40:33]} axb6
{[%clk 0:25:55]} 20. Rae1 {[%clk 0:40:53]} Bf8 {[%clk 0:25:21]} 21. d6
{[%clk 0:40:42]} Ra8 {[%clk 0:24:30]} 22. dxe7 {[%clk 0:40:24]} Bg7
{[%clk 0:24:53]} 23. Bxb7 {[%clk 0:40:44]} Rxa2 {[%clk 0:24:31]} 24. Bc6
{[%clk 0:41:08]} 1-0

[Event "TICF"]
[Site "FAMALICAO"]
[Date "2023.08.31"]
[Round "9.12"]
[White "VIKRAM, Anishka"]
[Black "ROMANO, Joao"]
[Result "1-0"]
[BlackElo "2027"]
[WhiteElo "1675"]
[LiveChessVersion "1.4.8"]

1. d4 d5 2. c4 e6 3. Nc3 c5 4. cxd5 exd5 5. Bf4 Nc6 6. dxc5 d4 7. Ne4 Bxc5 8.
Nxc5 Qa5+ 9. Qd2 Qxc5 10. Rc1 Qd5 11. e3 Nf6 12. Be2 O-O 13. Bf3 Qxa2 14. exd4
Bf5 15. Bxc6 bxc6 16. Ne2 Ne4 17. Qb4 Qa6 18. f3 Rfe8 19. Qa3 Qb5 20. fxe4 Bxe4
21. Rc5 Qd3 22. Qxd3 Bxd3 23. Re5 f6 24. Re3 Be4 25. O-O Bd5 26. Rxe8+ Rxe8 27.
Nc3 Bc4 28. Ra1 a6 29. Kf2 g5 30. Bd6 Rd8 31. Bc5 Rb8 32. b4 Kf7 33. Ne4 Kg6 34.
Nd6 Bd5 35. Rxa6 h5 36. Ra7 h4 37. Rc7 Ra8 38. Ba7 Rd8 39. Nc8 Kf5 40. Ne7+ Ke4
41. Nxc6 Re8 42. b5 g4 43. Re7+ Rxe7 44. Nxe7 Bc4 45. b6 Ba6 46. Nc6 Kd5 1-0

[Event "TICF"]
[Site "FAMALICAO"]
[Date "2023.08.31"]
[Round "9.14"]
[White "DUQUE, Raquel"]
[Black "FERNANDES, Antonio"]
[Result "0-1"]
[BlackElo "2337"]
[WhiteElo "1688"]
[LiveChessVersion "1.4.8"]

1. c4 {[%clk 1:30:57]} Nf6 {[%clk 1:30:11]} 2. Nc3 {[%clk 1:31:14]} d5
{[%clk 1:28:39]} 3. cxd5 {[%clk 1:30:05]} Nxd5 {[%clk 1:29:06]} 4. e4
{[%clk 1:28:10]} Nb4 {[%clk 1:27:48]} 5. d4 {[%clk 1:27:44]} Qxd4
{[%clk 1:28:04]} 6. Be3 {[%clk 1:20:18]} Qxd1+ {[%clk 1:28:18]} 7. Kxd1
{[%clk 1:19:18]} c6 {[%clk 1:27:09]} 8. Bc4 {[%clk 1:19:01]} e5 {[%clk 1:24:15]}
9. Nf3 {[%clk 1:18:55]} f6 {[%clk 1:24:36]} 10. Rc1 {[%clk 1:17:53]} N4a6
{[%clk 1:22:12]} 11. Ke2 {[%clk 1:17:08]} Bc5 {[%clk 1:16:29]} 12. Bxa6
{[%clk 1:14:37]} Nxa6 {[%clk 1:16:49]} 13. Bxc5 {[%clk 1:14:39]} Nxc5
{[%clk 1:17:16]} 14. Nb5 {[%clk 1:14:39]} Na6 {[%clk 1:16:19]} 15. Nd6+
{[%clk 1:13:48]} Ke7 {[%clk 1:16:44]} 16. Nxc8+ {[%clk 1:11:50]} Raxc8
{[%clk 1:17:10]} 17. Nd2 {[%clk 1:11:46]} Nc7 {[%clk 1:16:25]} 18. Nc4
{[%clk 1:11:54]} Ne6 {[%clk 1:16:41]} 19. Rhd1 {[%clk 1:09:50]} Rhd8
{[%clk 1:17:01]} 20. Na5 {[%clk 1:07:08]} Rd4 {[%clk 1:08:27]} 21. Rxd4
{[%clk 1:02:31]} Nxd4+ {[%clk 1:08:45]} 22. Ke3 {[%clk 1:02:07]} b6
{[%clk 1:08:12]} 23. Nc4 {[%clk 1:02:14]} Rd8 {[%clk 1:06:46]} 24. Na3
{[%clk 0:59:44]} c5 {[%clk 0:57:29]} 25. Nc2 {[%clk 0:58:44]} Ne6
{[%clk 0:43:37]} 26. g3 {[%clk 0:53:31]} g6 {[%clk 0:37:59]} 27. f3
{[%clk 0:51:38]} f5 {[%clk 0:33:59]} 28. Ne1 {[%clk 0:49:59]} f4+
{[%clk 0:33:26]} 29. Ke2 {[%clk 0:50:19]} h5 {[%clk 0:32:26]} 30. Nd3
{[%clk 0:49:47]} Nd4+ {[%clk 0:24:36]} 31. Kf2 {[%clk 0:50:02]} Nxf3
{[%clk 0:23:15]} 32. Nxf4 {[%clk 0:50:10]} exf4 {[%clk 0:23:31]} 33. Kxf3
{[%clk 0:50:28]} fxg3 {[%clk 0:23:54]} 34. hxg3 {[%clk 0:50:50]} Rd3+
{[%clk 0:24:01]} 35. Kf4 {[%clk 0:50:49]} Kf6 {[%clk 0:24:23]} 36. e5+
{[%clk 0:50:39]} Kxe5+ 0-1